| 000 | 00683nam a2200241 a 4500 | ||
|---|---|---|---|
| 001 | 62324 | ||
| 003 | BD-RjUL | ||
| 005 | 20211209081053.0 | ||
| 008 | 170123s1981 t ||||| |||| 00| 0 eng d | ||
| 020 | _a0669939145 | ||
| 035 | _a(BD-RjUL)62450 | ||
| 040 |
_aBD-RjUL _beng _cBD-RjUL _dBD-RjUL |
||
| 041 | _aeng | ||
| 082 |
_223 _a418.4 _bGUA 1981 |
||
| 100 |
_aGuth Hans Paul _9185371 |
||
| 245 | 1 | 0 |
_aAmerican voices / _cHans Paul Guth |
| 260 |
_aLexington, Mass. : _bHeath, _cc1981 |
||
| 300 |
_axii, 716 p. : _bill. ; _c24 cm. |
||
| 490 | _aLiving literature series, 11 | ||
| 650 |
_aReading (Secondary _9185372 |
||
| 856 | _3Living literature series, 11 | ||
| 942 |
_2ddc _cBK |
||
| 999 |
_c62324 _d62324 |
||